LDR 00999naa#a2200181#i#450# 001 RU\\bibl\119759 005 20260413210322.1 011 ## _a2308-8877 100 ## _a20260406b2026####ek#y0rusy0150####ca 102 ## _aRU 200 1# _aИССЛЕДОВАНИЕ ПОДХОДОВ ПО ФОРМИРОВАНИЮ НАЛОГА НА ПРИБЫЛЬ ОРГАНИЗАЦИЙ КАК ИСТОЧНИКА ФИСКАЛЬНЫХ ДОХОДОВ КОНСОЛИДИРОВАННОГО БЮДЖЕТ РФ _eЖурнальная статья 210 1# _aВоронеж _cВоронежский государственный лесотехнический университет имени Г.Ф. Морозова _d2026 215 ## _a12 с. 608 ## _aЖурнальная статья _2local 675 ## _aЭкономика. Народное хозяйство. Экономические науки. 33 _z 700 #1 _aОробинский _gАндрей Сергеевич 700 #1 _aПыльцина _gМ. В. 856 4# _aanni.editorum.ru _u